Marvel Legacy Characters - Statistics

General Stats
  • This quiz has been taken 39 times
  • The average score is 11 of 16
Answer Stats
Hint Answer % Correct
Scott Lang Ant-Man
97%
Shuri Black Panther
97%
Miles Morales Spider-Man
94%
Jane Foster Thor
84%
Kate Bishop Hawkeye
81%
Ironheart Iron Man
81%
Nadia Pym Wasp
81%
Amadeus Cho Hulk
77%
X-23 Wolverine
77%
Speed Quicksilver
74%
Kamala Khan Captain Marvel
71%
Wiccan Scarlet Witch
65%
Viv Vision
52%
Siryn Banshee
42%
Stepford Cuckoos Emma Frost
39%
Sam Alexanda Nova
39%
No matching quizzes found
Score Distribution
Percent of People with Each Score
Percentile by Number Answered
Your Score History
You have not taken this quiz